Alla lejos y hace tiempo
-д хадгалсан:
| Үндсэн зохиолч: | |
|---|---|
| Формат: | Ном |
| Хэл сонгох: | испани |
| Хэвлэсэн: |
Buenos Aires
Guillermo Kraft
1954
|
| Нөхцлүүд: | |
| Шошгууд: |
Шошго нэмэх
Шошго байхгүй, Энэхүү баримтыг шошголох эхний хүн болох!
|
MARC
| LEADER | 00000nam a2200000 a 4500 | ||
|---|---|---|---|
| 001 | UCV9382 | ||
| 003 | CL-VaPUC | ||
| 005 | 20250225130717.0 | ||
| 008 | 920827e19540000AG |||||||||||||||||spa|d | ||
| 999 | |c 214728 |d 214726 | ||
| 040 | |c Pontificia Universidad Católica de Valparaíso | ||
| 082 | 0 | 4 | |a 920 |b HUD |2 21 |
| 100 | |a Hudson, Guillermo Enrique |e author |9 858178 | ||
| 245 | 1 | 0 | |a Alla lejos y hace tiempo |
| 260 | |a Buenos Aires |b Guillermo Kraft |c 1954 | ||
| 300 | |a 362 p | ||
| 583 | |a last modification |c 20140820 03:15:02 |k Rodrigo Vera | ||
| 650 | 7 | |a PAMPAS ARGENTINAS |2 CL-VaPUC |9 268063 | |
| 650 | 0 | |a Descripciones y viajes |9 262159 | |
| 650 | 0 | |a Biografías |9 255210 | |
| 852 | |a BIBCUR | ||
| 942 | |c BK |2 ddc | ||
| 945 | |d 19920827 00:00:00 | ||
| 952 | |0 0 |1 0 |4 0 |6 920_000000000000000_HUD_1954 |7 0 |8 P |9 198400 |a BIBARQ |b BIBARQ |d 2019-11-14 |i 2658747 |o 920 HUD 1954 |p 2658747 |r 2025-01-20 |w 2019-11-14 |y BK |k ARQ | ||